Unités de mesure du temps - Statistiques

Statistiques générales
  • Ce quiz a été pris 101 fois
  • Le résultat moyen est 12 sur 16
Statistiques - réponses
Durée Unité de mesure % Correct
60 secondes Minute
100%
60 minutes Heure
97%
30 minutes Demi-heure
96%
24 heures Jour
96%
7 jours Semaine
96%
15 minutes Quart d'heure
94%
365/366 jours Année
93%
3 mois Trimestre
91%
6 mois Semestre
89%
28/29/30/31 jours Mois
83%
1000 ans Millénaire
82%
100 ans Siècle
81%
10 ans Décennie
71%
10 jours Décade
20%
(Tous les) 50 ans Jubilé
2%
(Tous les) 4 ans Olympiade
2%
Aucun quiz correspondant
Distribution des résultats
% des personnes avec chaque résultat
Percentile par nombre de réponses
Votre historique - résultats
Vous n’avez pas pris ce quiz